All Cities in Africa with Population of 1 Million - Statistics

General Stats
  • This quiz has been taken 749 times
    723 since last reset
  • The average score is 53 of 73
Answer Stats
Population Country Urban Area % Correct
21.0 mil. Egypt Cairo / Giza
99%
13.9 mil. South Africa Johannesburg / Pretoria
99%
19.4 mil. Nigeria Lagos
98%
5.80 mil. Egypt Alexandria
97%
4.22 mil. South Africa Cape Town
97%
12.4 mil. D.R. Congo Kinshasa
97%
3.97 mil. Algeria Algiers
96%
4.47 mil. Morocco Casablanca
95%
6.30 mil. Sudan Khartoum
95%
5.90 mil. Kenya Nairobi
95%
8.15 mil. Angola Luanda
94%
2.05 mil. Morocco Rabat
94%
1.25 mil. Libya Tripoli
94%
3.72 mil. Senegal Dakar
92%
6.45 mil. Tanzania Dar es Salaam
92%
3.80 mil. Ethiopia Addis Ababa
91%
2.67 mil. Tunisia Tunis
91%
5.10 mil. Ghana Accra
90%
1.94 mil. Somalia Mogadishu
90%
3.52 mil. Nigeria Abuja
89%
2.25 mil. Rep. of the Congo Brazzaville
89%
5.60 mil. Ivory Coast Abidjan
88%
3.42 mil. South Africa Durban
88%
2,27 mil. Mozambique Maputo
88%
3.52 mil. Mali Bamako
87%
1.27 mil. Morocco Fes
87%
1.79 mil. Sierra Leone Freetown
87%
2.67 mil. Zambia Lusaka
87%
2.05 mil. Zimbabwe Harare
86%
3.52 mil. Uganda Kampala
86%
4.70 mil. Nigeria Kano
86%
3.45 mil. Cameroon Yaounde
86%
1.12 mil. Morocco Marrakesh
84%
1.41 mil. Chad N'Djamena
84%
1.34 mil. Madagascar Antananarivo
83%
1.30 mil. Niger Niamey
83%
1.18 mil. Rwanda Kigali
82%
2.52 mil. Guinea Conakry
81%
2.10 mil. Togo Lome
81%
1.59 mil. Liberia Monrovia
81%
1.22 mil. Kenya Mombasa
80%
1.19 mil. Central African Republic Bangui
79%
1.83 mil. Benin Cotonou / Porto-Novo
79%
2.62 mil. Burkina Faso Ouagadougou
78%
3.57 mil. Nigeria Ibadan
77%
1.35 mil. South Africa Port Elizabeth
77%
3.37 mil. Cameroon Douala
76%
1.27 mil. Mauritania Nouakchott
75%
1.06 mil. Malawi Lilongwe
73%
1.48 mil. Algeria Oran
73%
2.35 mil. Nigeria Port Harcourt
71%
1.11 mil. Morocco Tangier
70%
1.00 mil. Gambia Banjul
69%
1.65 mil. Nigeria Benin City
68%
2.20 mil. D.R. Congo Lubumbashi
66%
3.02 mil. Ghana Kumasi
59%
1.19 mil. Morocco Agadir
50%
2.07 mil. D.R. Congo Mbuji-Mayi
50%
1.18 mil. Rep. of the Congo Pointe-Noire
38%
1.14 mil. Tunisia Sousse
38%
1.16 mil. D.R. Congo Kisangani
35%
1.15 mil. Nigeria Aba
32%
1.88 mil. Nigeria Kaduna
32%
1.23 mil. D.R. Congo Kananga
32%
1.21 mil. Nigeria Maiduguri
28%
1.20 mil. Nigeria Onitsha
28%
1.25 mil. Angola Benguela
27%
1.07 mil. Nigeria Ilorin
23%
1.08 mil. Senegal Touba
23%
1.02 mil. Nigeria Jos
22%
1.00 mil. Nigeria Enugu
21%
1.00 mil. Nigeria Warri
18%
1.00 mil. Nigeria Zaria
18%
No matching quizzes found
Score Distribution
Percent of People with Each Score
Percentile by Number Answered
Your Score History
You have not taken this quiz since the last reset